000 00714ctm a22001935a 4500
001 L157334
008 121022s1734 xxk f 000 0 eng d
035 _a(Sirsi) u157334
041 0 _aeng
100 1 _aPaine, J.
245 0 4 _aThe estate of John Bourke of Palmerstown Esq.
_bsurveyed An. Dom. MDCCXXXIV
_h[manuscript]
260 _c1734
300 _a1 v.
_bcol. plans
_c37 cm.
520 _aA manuscript survey of the estate of John Bourke in County Kildare, Ireland. The plans are hand drawn on vellum and hand coloured, interleaved with paper reference sheets
583 _aCondition reviewed
_c20120620
_lcondition level 1
651 4 _aIreland (Island of)
690 _aMeasurement
_96256
942 _n0
999 _c114728
_d114728